Normal view
MARC view
- Business --Data processing
Entry Topical Term
001 - CONTROL NUMBER
- control field: 113041
003 - CONTROL NUMBER IDENTIFIER
- control field: NUST
005 - DATE AND TIME OF LATEST TRANSACTION
- control field: 20230607095313.0
008 - FIXED-LENGTH DATA ELEMENTS
- fixed length control field: 230607|| aca||aabn | a|a d
040 ## - CATALOGING SOURCE
- Original cataloging agency: NUST
- Transcribing agency: NUST
150 ## - HEADING--TOPICAL TERM
- Topical term or geographic name entry element: Business --Data processing
670 ## - SOURCE DATA FOUND
- Source citation: Work cat.: (NUST)180190: Hodge, Bartow 112482, Management and the computer in information and control systems / , 1969
